Skiny ze skrzynki Chromatyczności. - Statystyki

Ogólne statystyki
  • Ten quiz został rozwiązany 7 razy
  • Średni wynik to 4 z 14
Statystyki odpowiedzi
Jakość Broń Skin % Poprawnych
Niebieski SCAR-20 Grota
75%
Różowy AK-47 Kartel
50%
Czerwony AWP Okręt wojenny
50%
Niebieski MP9 Śmiertelna trucizna
50%
Niebieski M249 Blokada systemu
25%
Niebieski Glock-18 Katakumby
25%
Fioletowy MAC-10 Malachit
25%
Różowy P250 Muertos
25%
Fioletowy Desert Eagle Naga
25%
Czerwony Galil AR Papla
25%
Fioletowy Dwie beretty Miejski wstrząs
0%
Niebieski XM1014 Rtęć
0%
Różowy M4A4 龍王 (Smoczy władca)
0%
Fioletowy Obrzyn Spokój
0%
Nie znaleziono quizów pasujących do podanych kryteriów
Rozkład punktacji
Procent ludzi z każdym wynikiem
Percentyl według liczby udzielonych odpowiedzi
Twoja historia wyników
Nie rozwiązałeś tego quizu